00576nam a22001697a 450000500170000001000150001702000110003203500130004303700130005608200100006910000200007924501270009926000350022627000800026130000250034150000400036620100821124947.0 aENG-101199 c100.00 aEN-84732 bDBAD/PUB a181.4 aRao, M.Bhimasen aThyagaraja Tattva-Bodha Chaturdasa Kriti Manjari :cby M.Bhimasen Raoba bird's-eye-view of the philosophy of Thyagaraja / aBerhampurbM.Bhimsen Raoc2009 aSuraj Vihar - I, (West Side) Behind 9th Line TulasinagarbBerhampure760001 axv,160p.c21cm (pbk) aincludes bibliographical references